| LEADER |
00979nam0a2200217 450 |
| 001 |
16836873 |
| 010 |
|
|
|a 978-2-36981-232-6
|b rel.
|d 10,5
|
| 100 |
|
|
|a 20201105d2021 u u0frey01 ba
|
| 101 |
0 |
|
|a fre
|
| 102 |
|
|
|a FR
|
| 200 |
0 |
|
|a Comment fricasser le lapin charmeur
|f Fabrice Parme
|g couleurs, Véronique Dreher
|
| 207 |
|
1 |
|a
|
| 210 |
|
|
|a Paris
|c Rue de Sèvres
|d 2021
|
| 215 |
|
|
|a 1 vol. (30 p.)
|c ill. en coul.
|d 29 cm
|
| 225 |
1 |
|
|v 6
|
| 330 |
|
|
|a Astrid veut le lapin dans la vitrine mais n'a plus d'argent de poche ! Elle a prêté son dernier dollar à sa mère pour faire une surprise à son père. Mauvais calcul ! Quoi qu'il en soit, Astrid veut le lapin dans la vitrine... Les idées fusent et l'aventure carbure avec Astrid Bromure !
|
| 461 |
|
0 |
|t Astrid Bromure
|v 6
|
| 700 |
|
0 |
|a Parme
|b Fabrice
|4 70
|
| 900 |
|
|
|a Bande Dessinée enfant ado
|
| 901 |
|
|
|a Accessible au prêt
|
| 995 |
|
|
|a Bibliothèque
|c Bibliothèque
|f 024021512
|h 024021512
|k BD PAR
|o p
|q j
|r az
|e Bibliothèque
|